MARC details
| 000 -LÍDER |
| campo de controle de tamanho fixo |
01357naa a22003017a 4500 |
| 001 - NÚMERO DE CONTROLE |
| campo de controle |
BR9504339 |
| 003 - IDENTIFICADOR DO NÚMERO DE CONTROLE |
| campo de controle |
BR-BrBNA |
| 005 - DATA E HORÁRIO DA ÚLTIMA TRANSAÇÃO |
| campo de controle |
20250721155530.0 |
| 007 - CAMPO FIXO DE DESCRIÇÃO FÍSICA--INFORMAÇÃO GERAL |
| campo de controle de tamanho fixo |
ta |
| 008 - CAMPO DE DADOS FIXOS--INFORMAÇÃO GERAL |
| campo de controle de tamanho fixo |
250630b bl.|||m| |||| 00| 0 por d |
| 040 ## - FONTE DA CATALOGAÇÃO |
| Instituição da catalogação original |
BR-BrBNA |
| Idioma da catalogação |
por |
| Instituição que transcreveu o registro |
Biblioteca Nacional de Agricultura |
| 041 ## - CÓDIGO DE IDIOMA |
| Código do idioma do texto/trilha sonora ou título diferente |
(Pt) |
| 072 ## - CÓDIGO DE CATEGORIA DE ASSUNTO |
| Código de Categoria de Assunto |
F30; P34; U30 |
| Código do objeto |
3920 |
| -- |
1410 |
| 090 ## - NÚMERO DE CHAMADA LOCAL |
| Número de chamada |
F30 BR9504339 |
| 100 1# - ENTRADA PRINCIPAL--NOME PESSOAL |
| Nome pessoal |
Pereira, P.A.A. |
| 245 1# - TÍTULO |
| Título |
Tecnicas de melhoramento da planta hospedeira para incrementar a fixacao biologica do nitrogenio: o caso do feijoeiro |
| 490 ## - TÍTULO DA SÉRIE |
| Título da série |
Documentos - Centro Nacional de Pesquisa de Arroz e Feijao (Brazil) |
| Número do volume ou designação sequencial da série |
no. 46 |
| ISSN - International Standard Serial Number |
ISSN 0101-9716 |
| 500 ## - NOTA GERAL |
| Nota geral |
Manual de metodos empregados em estudos de microbiologia agricola<br/>Hungria, M.Araujo, R.S.(eds.)<br/>Brasilia, DF (Brasil): EMBRAPA. SPI, 1994. p. 327 [15 ref.]<br/>(BR9504339-AMS)<br/> |
| 650 ## - ASSUNTO--TERMO TÓPICO |
| Cabeçalho tópico ou nome geográfico |
Rhizobium |
| 650 ## - ASSUNTO--TERMO TÓPICO |
| Cabeçalho tópico ou nome geográfico |
Feijao |
| 650 ## - ASSUNTO--TERMO TÓPICO |
| Cabeçalho tópico ou nome geográfico |
Fixacao de Nitrogenio |
| 650 ## - ASSUNTO--TERMO TÓPICO |
| Cabeçalho tópico ou nome geográfico |
Melhoramento Vegetal |
| 650 ## - ASSUNTO--TERMO TÓPICO |
| Cabeçalho tópico ou nome geográfico |
Hibridacao |
| 650 ## - ASSUNTO--TERMO TÓPICO |
| Cabeçalho tópico ou nome geográfico |
Metodo |
| 773 0# - ENTRADA ANALÍTICA |
| Título |
Manual de metodos empregados em estudos de microbiologia agricola |
| Entrada principal |
Hungria, M.; Araujo, R.S.(eds.). Centro Nacional de Pesquisa de Arroz e Feijao, Goiania, GO (Brasil)Centro Nacional de Pesquisa de Soja, Londrina, PR (Brasil) |
| Número de controle do registro |
F30 BR9504339 |
| Partes relacionadas |
Brasilia, DF (Brasil), 1994. p. 327 |
| 942 ## - ELEMENTOS DE ENTRADA ADICIONADOS (KOHA) |
| Tipo de material Koha |
Analítica de Monografia Seriada |
| Fonte da classificação ou esquema de arquivamento na estante |
Classificação AGRIS |
| 909 ## - |
| -- |
202506 |
| -- |
Lúcia |
| -- |
55 |
| -- |
Lúcia Elande |